PŘEDŠKOLNÍ VÝCHOVA VE FRANCII

Bibliographic Details
Main Author: Fottová, M. (Author)
Format: Article
Language:Czech

MARC

LEADER 00000nab a2200000uu 4500
001 vtls011437898
003 SK-MaSNL
005 20260303145642.0
008 230222| xo |||||||||||||||||cze|
015 |a SNBRB 
035 |a (urnnbn)urn:nbn:sk:snk:ar-002mj8 
035 |a (uuid)aadd5826-7f84-4470-8fa6-c64a44df531c 
035 |a urn:nbn:sk:snk-abccy9 
040 |a SNKBUCL  |b slo  |c SNKBUCL  |e AACR2 
041 0 |a cze 
044 |a xo  |c SK 
100 1 |a Fottová, M.  |4 aut  |9 1123177 
245 1 0 |a PŘEDŠKOLNÍ VÝCHOVA VE FRANCII  |c M. Fottová 
773 0 |t Predškolská výchova : pedagogický časopis pre učiteľky materských škôl  |g Roč. 21, č. 5 (1966-1967), s. 134-138 
958 |a OND 
958 |a EUIPO 
958 |a article16 
999 |c 2004336  |d 2006266